skbl

Dr Suryya Kumar Bhuyan Library Web-OPAC
ডঃ সূৰ্য্য
কুমাৰ ভূঞা পুথিভঁৰাল ৱেব-অ'পেক

All Research Scholars are advised to clear the annual library fees to continue using Library Resources, Remote Access, Plagiarism Test and Library Clearance.

Cotton University Book Fair 2026

Teacher Education (Record no. 54880)

MARC details
000 -LEADER
fixed length control field 00536nam a2200217Ia 4500
001 - CONTROL NUMBER
control field 54932
008 - FIXED-LENGTH DATA ELEMENTS--GENERAL INFORMATION
fixed length control field 120525n ii |||gr||||Z||||||465
020 ## - INTERNATIONAL STANDARD BOOK NUMBER
International Standard Book Number 9788120343825
082 ## - DEWEY DECIMAL CLASSIFICATION NUMBER
Classification number 371.30281
245 #0 - TITLE STATEMENT
Title Teacher Education
Statement of responsibility, etc. Radha Mohan
Medium Textual Documents
250 ## - EDITION STATEMENT
Edition statement First-2011.
260 ## - PUBLICATION, DISTRIBUTION, ETC.
Place of publication, distribution, etc. New Delhi:
Name of publisher, distributor, etc. PHI Learning.
300 ## - PHYSICAL DESCRIPTION
Extent 296pg:
Dimensions 30cm.
653 ## - INDEX TERM--UNCONTROLLED
Uncontrolled term Teacher Education
653 ## - INDEX TERM--UNCONTROLLED
Uncontrolled term Deptt-Edn
653 ## - INDEX TERM--UNCONTROLLED
Uncontrolled term PG-Edn
653 ## - INDEX TERM--UNCONTROLLED
Uncontrolled term MS-Edn
653 ## - INDEX TERM--UNCONTROLLED
Uncontrolled term G-Edn
700 ## - ADDED ENTRY--PERSONAL NAME
Personal name Mohan,Radha,
Relator term Author.
942 ## - ADDED ENTRY ELEMENTS (KOHA)
Source of classification or shelving scheme Dewey Decimal Classification
Koha item type Books
Holdings
Withdrawn status Lost status Damaged status Not for loan Collection Home library Current library Shelving location Date acquired Coded location qualifier Cost, normal purchase price Total checkouts Full call number Barcode Date last seen Copy number Price effective from Koha item type Total renewals Date last checked out
          Dr. Suryya Kumar Bhuyan Library Dr. Suryya Kumar Bhuyan Library   25/05/2012 00000 295.00   371.30281 Mo 725 Te 1255/Edn 14/01/2024 1 25/05/2012 Books    
          Dr. Suryya Kumar Bhuyan Library Dr. Suryya Kumar Bhuyan Library   25/05/2012 00000 295.00   370.30281 Mo 725 Te 1252/edn 14/01/2024 4 25/05/2012 Books    
          Dr. Suryya Kumar Bhuyan Library Dr. Suryya Kumar Bhuyan Library   25/05/2012 00000 295.00 1 371.30281 Mo 725 Te 1253/Edn 30/09/2024 2 25/05/2012 Books 2 16/08/2024
          Dr. Suryya Kumar Bhuyan Library Dr. Suryya Kumar Bhuyan Library   25/05/2012 00000 295.00   370.30281 Mo 725 Te 1254/Edn 14/01/2024 3 25/05/2012 Books    

Designed and Maintained by Team SKBL
©1901-2026

Powered by Koha